| 000 | 00395nam a2200157Ia 4500 | ||
|---|---|---|---|
| 003 | OSt | ||
| 005 | 20230602141038.0 | ||
| 008 | 211028s2011 xx 000 0 und d | ||
| 040 | _cAIMIT LIBRARY | ||
| 041 | _aeng | ||
| 100 |
_aAysha, U M; Nausheeda, B. _98264 _e091906 |
||
| 110 |
_aNausheeda B _98265 |
||
| 245 | _aSoftware asset management. | ||
| 260 |
_aMangalore _c2011 |
||
| 942 |
_2ddc _cPRO |
||
| 999 |
_c219801 _d219801 |
||